| 000 | 00697nam a2200229Ia 4500 | ||
|---|---|---|---|
| 003 | GCL | ||
| 008 | 140319s9999 xx 000 0 ara d | ||
| 040 |
_aGCL / _cGCL |
||
| 082 | 0 | 4 |
_a792.0962 _bس ج |
| 100 | 1 | _aسعاد ابيض | |
| 245 | 1 | 0 |
_aجورج ابيض :ايام لن يسدل عليها الستار / _cسعاد ابيض |
| 260 |
_aالقاهرة : _bالهيئة المصرية العامة للكتاب ، _c1991 |
||
| 300 |
_a387 ؛ _c22 سم |
||
| 490 | _a | ||
| 650 | 0 | 4 | _aمصر |
| 650 | 0 | 4 | _aتاريخ |
| 650 | 0 | 4 | _aالمسرح |
| 650 | 0 | 4 | _aالمسرحيات |
| 650 | 0 | 4 | _aالممثلون والممثلات |
| 650 | 0 | 4 | _aتاريخ ونقد |
| 942 |
_2ddc _cBK |
||
| 999 |
_c30335 _d30335 |
||